Testimonio de un cacique mapuche
Збережено в:
| Автори: | , |
|---|---|
| Формат: | Книга |
| Мова: | Мапудунґун Іспанська |
| Опубліковано: |
Santiago
Pehuén
1984
|
| Редагування: | 4a. ed |
| Серія: | Colección Testimonio
|
| Предмети: | |
| Теги: |
Додати тег
Немає тегів, Будьте першим, хто поставить тег для цього запису!
|
MARC
| LEADER | 00000nam a2200000 a 4500 | ||
|---|---|---|---|
| 001 | UCX2002 | ||
| 003 | CL-VaPUC | ||
| 008 | 901214e19840000CL |||||||||||||||||arn|d | ||
| 041 | 0 | 7 | |a arn |2 CL-VaPUC |
| 041 | 0 | 7 | |a spa |2 CL-VaPUC |
| 082 | 0 | 4 | |a 920.083 |b COÑ |2 21 |
| 100 | 0 | |a Coña, Pascual |e author |9 317743 | |
| 700 | 0 | |a Moesbach, Ernesto Wilhelm de |e author |9 317744 | |
| 245 | 1 | 0 | |a Testimonio de un cacique mapuche |
| 250 | |a 4a. ed | ||
| 300 | |a 464 p | ||
| 942 | |c BK | ||
| 945 | |d 19901214 00:00:00 | ||
| 260 | |a Santiago |b Pehuén |c 1984 | ||
| 500 | |a Texto dictado al padre Ernesto Wilhelm de Moesbach | ||
| 600 | 0 | 7 | |a COÑA, PASCUAL |2 CL-VaPUC |9 317745 |
| 650 | 0 | |a Araucanos |9 314060 | |
| 650 | 0 | |a Vida social y costumbres |9 258725 | |
| 650 | 0 | |a Autobiografías |9 265171 | |
| 583 | |a last modification |c 20190805 09:23:28 |k Rodrigo Vera | ||
| 490 | 0 | |a Colección Testimonio | |
| 999 | |c 223114 |d 223112 | ||
| 952 | |0 0 |1 0 |4 0 |6 920_083000000000000_COÑ_1984 |7 0 |8 A |9 218607 |a BIBHIS |b BIBHIS |d 2019-11-15 |i 2874121 |l 2 |m 2 |o 920.083 COÑ 1984 |p 2874121 |r 2025-01-20 |s 2022-10-28 |w 2019-11-15 |y BK |k HIS | ||